000 00269nam a22001337a 4500
008 170220b xxu||||| |||| 00| 0 eng d
020 _a9781563637537
041 _aeng
080 _a615
100 _a5
101 _aSHF
245 _aPDR
_cFOTSCH, E
942 _2udc
_cBK
999 _c5875
_d5875